000
00233nam a2200097Ia 4500
001
923028
005
20250826191455.0
008
250824s9999 xx 000 0 und d
245
0
_a
KÜRŞAD
_c
ORHAN YENİARAS
260
_b
PANAMA YAYINLARI
999
_c
923028
_d
923028